| 000 | 00725nam a22001937a 4500 | ||
|---|---|---|---|
| 999 |
_c16229 _d16229 |
||
| 003 | AR-CdUCM | ||
| 008 | 190502b ||||| |||| 00| 0 spa d | ||
| 040 |
_aMUNICIPALIDAD PROVINCIAL DEL CUSCO _cBIBLIOTECA MUNICIPAL DEL CUSCO |
||
| 082 |
_a621.21 / _bT86 |
||
| 100 |
_aTrueba Coronel, Samuel _935550 |
||
| 245 | _aHidráulica / | ||
| 260 |
_aMéxico D.F : _bNorgis Editores, _c1959. |
||
| 300 |
_a430 paginas ; _bilustraciones, diagramas, _c21 cm. |
||
| 505 | _aContenido :Hidrostatica --Hidrodinamica --Circulación del agua en los orificios --Circulación del agua en los vertedores ... | ||
| 650 |
_aIngeniería hidráulica _935551 |
||
| 650 |
_aHidráulica _921112 |
||
| 942 |
_2ddc _cLIBROS |
||
| 945 |
_arjall _d2019-05-02 |
||